[Event "Poikovsky Karpov 04th"]
[Site "Poikovsky"]
[Date "2003.04.22"]
[Round "3"]
[White "Svidler, Peter"]
[Black "Zvjaginsev, Vadim"]
[Result "1/2-1/2"]
[WhiteElo "2713"]
[BlackElo "2664"]
[Annotator "Tsesarsky,I"]
[PlyCount "37"]
[EventDate "2003.04.20"]
[EventType "tourn"]
[EventRounds "9"]
[EventCountry "RUS"]
[EventCategory "16"]
[SourceTitle "CBM 095"]
[Source "ChessBase"]
[SourceDate "2003.07.25"]
[SourceVersion "1"]
[SourceVersionDate "2003.07.25"]
[SourceQuality "1"]

{[%mdl 4]} 1. e4 c5 2. Nf3 Nc6 3. d4 cxd4 4. Nxd4 g6 5. Nc3 Bg7 6. Be3 Nf6 7.
Bc4 O-O 8. Bb3 e6 {Rare old move with a new ideas.} 9. f4 ({Another
possibility is} 9. O-O d5 10. exd5 exd5 11. f3 Re8 12. Bf2 {Black has
sufficient counterplay:} a6 ({or} 12... Bh6 13. Kh1 Bg5 14. f4 Bg4 15. Qd3 Bh6
16. Bh4 Bg7 17. h3 Nxd4 18. Qxd4 Be6 19. Rfe1 Nh5 20. Qxg7+ Kxg7 21. Bxd8 Rexd8
22. Ne2 $132 {0-1 Vesselovsky,S-Cicak,S/CZE 1999/EXT 2001 (34)}) 13. Nxc6 bxc6
14. Na4 Bf5 15. Qd2 Nd7 $132 {1-0 Yudasin,L-Spangenberg,H/Moscow 1994/CBM 44
ext (52)}) 9... Ng4 $1 {Strong.} ({Most popular was} 9... d5 $6 {but in this
case White leaves with advantage and strong initiative on the kingside.} 10. e5
Nd7 11. Qd2 (11. Qe2 Na5 12. O-O-O Nb6 13. Kb1 Nbc4 14. Bc1 Bd7 15. h4 $14 {
1-0 Tseitlin,M-Shabanov,Y/Barnaul 1969/EXT 2001 (39)}) 11... Nxd4 (11... a6 12.
h4 Nxd4 13. Bxd4 b5 14. h5 $14 {0-1 Dely,P-Haag,E/Budapest 1961/EXT 98 (24)})
12. Bxd4 b6 13. O-O-O Nc5 14. h4 $14 {1-0 Minev,N-Trifunovic,P/Varna 1960/EXT
2000 (30)}) 10. Bg1 e5 $1 {This is the keymove of Black's idea.} 11. Nxc6 dxc6
12. Qxd8 Rxd8 13. h3 Nf6 14. fxe5 Ne8 {[%cal Ge8c7,Gc7e6]} 15. Bh2 Nc7 16. O-O
Be6 17. Rad1 Bxb3 18. axb3 Ne6 19. Bg3 {White has useless extra P. Black's
strategy was very powerful, the idea of old e7-e6 variation should be adopted.}
1/2-1/2

[Event "Tel Aviv super 1st"]
[Site "Tel Aviv"]
[Date "1999.05.12"]
[Round "2"]
[White "Liss, Eran"]
[Black "Sutovsky, Emil"]
[Result "1-0"]
[WhiteElo "2513"]
[BlackElo "2612"]
[Annotator "Tyomkin,D"]
[PlyCount "65"]
[EventDate "1999.05.11"]
[EventType "tourn"]
[EventRounds "9"]
[EventCountry "ISR"]
[EventCategory "14"]
[SourceTitle "CBM 071"]
[Source "ChessBase"]
[SourceDate "1999.08.01"]
[SourceVersion "1"]
[SourceVersionDate "1999.08.01"]
[SourceQuality "1"]

{This is the game from early stage of the tournament. Emil was very optimistic
about this game (it was felt with some of his moves).But in some part of the
he had to think about a draw. And Eran simply was playing well in this game!} 
1. e4 c5 2. Nf3 Nc6 3. Nc3 g6 4. d4 cxd4 5. Nxd4 Bg7 6. Be3 Nf6 7. Bc4 O-O 8.
Bb3 a5 9. f3 d5 10. Bxd5 Nxd5 11. exd5 Nb4 12. Nde2 Bf5 13. Rc1 b5 14. a3 Nxc2+
15. Rxc2 Bxc2 16. Qxc2 b4 17. Na4 Qxd5 18. Nb6 Qe6 19. Kf2 (19. Nxa8 $2 Qxe3
20. Nc7 Rc8 21. Nd5 Rxc2 22. Nxe3 Rxb2 23. axb4 (23. a4 Ra2) 23... a4 {[%cal
Ga4a3] White has a piece up,but there is no way to stop a-pawn.}) 19... Rab8 (
19... b3 $5 20. Qc4 Qxc4 21. Nxc4 a4 {leads to the very complicative ending.} (
21... Rfd8 22. a4 $1) 22. Rd1 Rfd8 $13) 20. Qc5 $5 $146 {The only move which
white was trying in this position- 20.Nf4,but almost never white didn't get
any advantage.Pherhaps after this interesting novelty of Liss (I'm sure that
it was not home-preparation)black doesn't have serious problems,but Sutovsky
didn't play the best.} (20. Nf4 Qa2 21. axb4 axb4 22. Nd3 (22. Nfd5 b3 23. Qe2
Rb7 24. Nb4 Qa5 25. Nc6 Qa2 $11 {Klovan,Y-Dorfman,I/USSR (ch) 1975/Inf 20}) (
22. Qb1 Qxb1 23. Rxb1 Rfd8 24. Nfd5 Rb7 25. b3 e6 26. Nf4 Ra7 27. Na4 Rc7 $11 {
Zapata,A-Vilela,J/Matanzas Capablanca 1993}) 22... Qe6 23. Nf4 Qa2 24. Nd3 Qe6
25. Nf4 {1/2-1/2 Arizmendi Martinez,J-Fernandes,A/Magistral Algarve, Vila Real
de Santo A 1998 (25)}) 20... Rfd8 (20... Bxb2 21. Nf4 $2 (21. axb4 axb4 22.
Qxb4 Be5 {[%cal Ge5c7] /\Bc7}) 21... Qa2 $17) 21. Re1 $1 {[%mdl 2048] This is
very strong positional decision which creates connection between white pieces.}
(21. Qxa5 Rd3 22. Bc5 (22. Qc5 Rxe3 $1) 22... Bh6 {[%cal Rh6e3,Rd3d2] /\Be3} (
22... Rd2 23. Re1 Rxb2 $36) 23. f4 Rd2 24. Re1 Bxf4 25. Qxb4 Bxh2 $1 $17) 21...
Rd6 $2 (21... Be5 22. Nc4 $1 Bxh2 $140 23. Nd4 $18 {[%cal Yd4c6,Yd4e6] /\Nc6})
(21... Bxb2 $142 22. axb4 axb4 23. Nf4 $1 (23. Qxb4 Be5 {and black is too
strong.}) 23... Qd6 24. Nfd5 Bc3 {White keeps an initiative,but the game is
close to draw.} (24... e6 $140 25. Ne7+ Kh8 26. Qxd6 Rxd6 27. Nc4 Rd7 28. Nc6
$16 {[%csl Rb2][%cal Yc4b6]})) 22. Nf4 Qa2 $2 (22... Qf6 $142 23. Nfd5 Qh4+ $1
(23... Qxb2+ 24. Re2 Qe5 25. Nc8 $1 $16) 24. Kf1 {white has strong initiative.}
) 23. Nc8 $1 $16 {[%mdl 2048]} Rd7 24. Re2 (24. Nxe7+ Rxe7 $1 (24... Kh8 25.
Re2 $16) 25. Qxe7 Qxb2+ 26. Re2 Qxa3 {with some drawing chances.} (26... bxa3
27. Nd3 Qxe2+ $140 28. Kxe2 a2 29. Bf4 $1 {[%cal Gf4b8,Rf4e5]})) 24... Bf8 25.
Nb6 Rdd8 26. a4 $1 e6 27. Qxa5 Qb1 28. Qe5 Bg7 29. Qc7 $1 {[%mdl 2048] Another
smart move-queen takes control over all board.} (29. Qb5 Rd1 30. Qxb4 Rf1+ 31.
Kg3 Be5 {[%cal Gg6g5] White king is in danger.}) 29... Qh1 $2 {The last chance
was:} (29... Bxb2 30. Nd7 Ra8 31. Ne5 Bxe5 32. Qxe5 Qf5 33. Qxf5 exf5 34. a5 $1
$16 {[%cal Ye3b6]}) {[%tqu "En","Find a way to use the queen on-h1","","",
"f4e6","simply intending Re1.",10] Now white finds a way to use placement of
queen in the corner and he wins with the help of tactics.} 30. Nxe6 $1 {
[%csl Rh1][%cal Yc7h2,Re2e1] simply intending Re1.} Bf6 {[%tqu "En","","","",
"e3g5","",10,"e2e1","",0]} 31. Bg5 $1 (31. Re1 $2 Bh4+) 31... Bxg5 32. Nxg5 Rf8
33. Re1 {[%csl Rh1] Black queen has along way to-h1(d8-d5-e6-a2-b1-h1),but
caught there!} 1-0

[Event "Palma de Mallorca FIDE GP"]
[Site "Palma de Mallorca"]
[Date "2017.11.16"]
[Round "1"]
[White "Vachier Lagrave, Maxime"]
[Black "Gelfand, Boris"]
[Result "1-0"]
[WhiteElo "2796"]
[BlackElo "2719"]
[Annotator "Yermolinsky,A"]
[PlyCount "67"]
[EventDate "2017.11.16"]
[EventType "swiss"]
[EventRounds "9"]
[EventCountry "ESP"]
[SourceTitle "CBM 182"]
[Source "ChessBase"]
[SourceDate "2018.01.17"]
[SourceVersion "1"]
[SourceVersionDate "2018.01.17"]
[SourceQuality "1"]

1. e4 c5 2. Nf3 Nc6 {Normally Gelfand goes for the Najdorf.} 3. Nc3 {I guess,
Maxime didn't want to enter the Sveshnikov.} g6 {Now it is the Accelerated
Dragon without a possibility of the Maroczy Bind, which is helpful for Black.}
4. d4 cxd4 5. Nxd4 Bg7 6. Be3 Nf6 7. Bc4 ({In the event of} 7. f3 O-O 8. Qd2 {
Black gets to demonstrate his main idea:} d5 $1 {can be played in one go,
living up to the name of the opening by accelerating Black's play.}) 7... O-O
8. Bb3 ({Contrary to popular opinion,} 8. f3 Qb6 9. Bb3 Nxe4 {White continues}
({Some prefer another knight move} 9... Ng4 {but the endgame after} 10. fxg4
Bxd4 11. Bxd4 Qxd4 12. Qxd4 Nxd4 13. Nd5 Nc6 14. O-O-O {is rather easy for
White to handle.}) 10. Nd5 Qa5+ 11. c3 Bxd4 ({A somewhat more reliable try is} 
11... Nc5 12. Nxc6 dxc6 13. Nxe7+ Kh8 14. Nxc8 Raxc8 15. O-O $11 {
Fischer-Panno, 1958}) 12. Bxd4 Nc5 13. Bc4 Ne6 14. Be3 {Baramidze-Motylev,
2003, with obvious compensation.}) 8... d5 {This is Gelfand's favorite line
lately.} ({Usually Black is content with} 8... d6 9. f3 Bd7 10. Qd2 Nxd4 11.
Bxd4 b5 {His latest, effort, however, didn't go very well. MVL-Giri, 2017 saw}
12. a4 ({Other options are} 12. h4 a5 13. a4 bxa4 14. Nxa4 h5 15. Nb6 Ra6 16.
Nxd7 Nxd7 {Vachier Lagrave-Radjabov, 2017}) ({and} 12. O-O a5 13. a3 $5 {
Christiansen-Shabalov, US Championship 2011}) 12... b4 13. Nd5 Nxd5 14. Bxg7
Kxg7 15. exd5 Qb6 16. h4 h5 17. O-O-O Qa5 18. g4 Bxa4 19. Kb1 Bxb3 20. cxb3 Rh8
$1 {Anish was able to parry the attack while retaining his extra pawn. Clearly,
White should have thrown in Qd4+ a move or two earlier. I figure MVL doesn't
mind giving this line another try.}) ({Of course, there also are} 8... a5) ({
and} 8... Qa5) 9. exd5 Na5 10. O-O ({The combatants weren't strangers to this
position, as their previous encounter went} 10. Qd2 Nxb3 11. Nxb3 b5 12. Nxb5
Qxd5 13. Qxd5 Nxd5 14. Bd4 Rb8 {must have been Boris' improvement} ({over} 
14... Nb4 {in Giri-Gelfand, played earlier in the same tournament}) 15. Bxg7
Kxg7 16. Na3 (16. Nxa7 Nb4 17. O-O Ba6 18. Rfc1 Rb7 19. a3 Nd3 20. cxd3 Rxb3
$14) 16... Nb4 17. O-O-O $5 Nxa2+ 18. Kb1 Nb4 19. Rhe1 Re8 {MVL-Gelfand,
Moscow Grand Prix 2017.}) ({An interesting line is} 10. Qf3 Nxb3 11. axb3 Bg4
12. Qg3 Bh5 13. d6 {Karjakin-Dubov, 2015, Ponomariov-Gelfand, 2016, and, most
recently, Wei Yi-Li Chao, 2017.}) 10... Nxb3 11. Nxb3 b6 12. d6 $1 {The most
practical decision.} ({An attempt to keep the extra pawn with} 12. Qd2 Bb7 13.
Rad1 {allows Black too much activity:} Qc7 14. Bf4 Qc4 15. Rfe1 Rfd8 {Negi-Hou
Yifan, 2015}) 12... e6 $6 {In turn, Black refuses an offer of a free pawn. I'm
not sure I'm too excited with this choice, though.} (12... Qxd6 13. Qxd6 exd6
14. Rfe1 Bf5 15. Nd4 Bd7 16. h3 $14 {Oparin-Gelfand, 2016}) 13. Qf3 Rb8 14.
Rfd1 $5 {The first independent move in the game. The idea of leaving the other
rook on the queenside is going to be revealed a few moves later.} ({Naturally,
Maxime was familiar with} 14. Rad1 Bb7 15. Qh3 Nd5 16. Nxd5 Bxd5 17. Bd4 Bxd4
18. Rxd4 Rc8 $1 19. Qh6 Qf6 20. Rc1 (20. c3 $142 Rfd8 21. Rfd1) 20... b5 21.
Rh4 Qg7 {Adhiban-Gelfand(!), Isle of Man 2017, and Black held his own.}) 14...
Bb7 15. Qh3 Rc8 16. Bd4 Nd5 17. Nxd5 Bxd5 18. Bxg7 Kxg7 19. Rac1 $1 {White
would love to get c2-c4 in. In the meantime, Black is struggling to capture
the d6-pawn due to tactical reasons.} b5 20. Qg3 Qf6 21. Nd4 b4 22. c4 bxc3 $2
({For sure,} 22... Rxc4 {was a better choice. White would get to keep the
d-pawn after} 23. Rxc4 Bxc4 24. d7 Bd5 25. Qd6 Rd8 {but it's not clear how he
makes further progress, as the direct} 26. Nc6 Bxc6 27. Qxc6 Qxb2 28. Qc7 Qf6
29. Qxa7 Qc3 30. g3 b3 {leaves him with too little material left for
conversion.}) 23. Rxc3 Rxc3 ({The relatively better option,} 23... Rb8 24. b3
Rfd8 25. Rc7 $16 {isn't too attractive either.}) 24. bxc3 Rd8 25. h4 $5 (25.
Nb3 {should be good enough as well.}) 25... e5 26. Nf5+ Qxf5 27. Rxd5 Qe4 ({
The engine's recommendation to play} 27... Qf4 28. Qxf4 exf4 29. c4 $18 {
speaks volumes about the hopelessness of Gelfand's position.}) 28. c4 f6 29.
Qc3 Qb1+ 30. Kh2 Qxa2 31. Rd2 Qa4 32. g3 Qc6 33. c5 Rd7 34. Qc4 {Gelfand's
resignation was by no means premature} ({as seen from} 34. Qc4 a5 35. Qe6 a4
36. Qxd7+ Qxd7 37. c6 Qxc6 38. d7) 1-0